000 00683nam0a22002291 4500
001 rc\767975
005 20250622124447.0
035 _a(NLR Aleph) 006294972
090 _a7190071
_c7190071
100 _a20040301d1985 |||y0rusy50 ca
101 0 _arus
102 _aRU
105 _aa |||||||||
200 1 _aПути повышения урожайности озимой пшеницы в КБАССР
210 _aНальчик
_cЭльбрус
_d1985
215 _a91 с.
_cграф.
_d20
700 1 _aХаниев
_bМ.Х.
_gМирон Хагуцирович
801 0 _aRU
_bNLR
_gpsbo
801 1 _aRU
_bELAR
_2rusmarc
852 _aNLR
_j85-4/40609
942 _cBOOK
980 _aNB